| Tag |
First Indicator |
Second Indicator |
Subfields |
| LEADER |
00000cam a2200000 4500 |
| 001 |
in00003875413 |
| 005 |
20190415192454.0 |
| 006 |
m o d |
| 007 |
cr |n||||||||n |
| 008 |
821028s1774 xxu|||| o 00| | eng c |
| 035 |
|
|
|a (CU-RivES)W13904
|
| 035 |
|
|
|a (Uk-ES)006431487
|
| 035 |
|
|
|a (OCoLC)511012527
|
| 040 |
|
|
|a MWA
|c MWA
|d CU-RivES
|d CStRLIN
|d Cengage Gale
|d UtOrBLW
|
| 050 |
|
4 |
|a Z1215
|b .M877 1774
|
| 100 |
1 |
|
|a Murray, James,
|d 1732-1782.
|0 http://id.loc.gov/authorities/names/n83041810
|
| 245 |
1 |
0 |
|a New sermons to asses. By the author of Sermons to asses. [One line from Judges].
|
| 264 |
|
1 |
|a Philadelphia :
|b Printed for, and sold by, John Sparhawk,
|c M,DCC,LXXIV. [1774]
|
| 300 |
|
|
|a 1 online resource (2 unnumbered pages, ii, 1 unnumbered page, 6-94, 2 unnumbered pages)
|
| 336 |
|
|
|a text
|b txt
|2 rdacontent
|
| 337 |
|
|
|a computer
|b c
|2 rdamedia
|
| 338 |
|
|
|a online resource
|b cr
|2 rdacarrier
|
| 500 |
|
|
|a Attributed to James Murray in the Dictionary of national biography.
|
| 500 |
|
|
|a "To the petitioners against the dissenters bill. I know no persons to whom Sermons to asses can, with more propriety, be dedicated than to you .."--p. [i].
|
| 509 |
|
|
|a Signatures: A-H⁶ (H6 blank)
|
| 510 |
4 |
|
|a Evans,
|c 13450
|
| 510 |
4 |
|
|a Hildeburn, C.R. Pennsylvania,
|c 3062
|
| 510 |
4 |
|
|a English Short Title Catalog,
|c W13904.
|
| 500 |
|
|
|a Reproduction of original from Library of Congress.
|
| 500 |
|
|
|a Electronic resource.
|
| 650 |
|
0 |
|a Dissenters, Religious
|z England.
|0 http://id.loc.gov/authorities/subjects/sh85038491
|
| 655 |
|
7 |
|a Electronic books.
|2 local
|
| 655 |
|
7 |
|a Sermons
|x Collections.
|2 rbgenr
|
| 700 |
1 |
|
|a Sparhawk, John,
|d 1730-1803,
|e printer.
|0 http://id.loc.gov/authorities/names/n86084896
|
| 710 |
2 |
|
|a Gale (Firm)
|0 http://id.loc.gov/authorities/names/no2008071348
|
| 752 |
|
|
|a United States
|b Pennsylvania
|d Philadelphia.
|
| 856 |
4 |
0 |
|u http://proxy.library.tamu.edu/login?url=http://find.galegroup.com/ecco/infomark.do?contentSet=ECCOArticles&docType=ECCOArticles&bookId=1339601400&type=getFullCitation&tabID=T001&prodId=ECCO&docLevel=TEXT_GRAPHICS&version=1.0&source=library&userGroupName=txshracd2898
|z Connect to the full text of this electronic book
|t 0
|
| 999 |
f |
f |
|s 333057e7-bb73-3fee-9e26-a556b65ef9f8
|i 5bd4c60a-17b3-30cc-9647-fbf1423c3985
|t 0
|
| 952 |
f |
f |
|a Texas A&M University
|b College Station
|c Electronic Resources
|d Available Online
|t 0
|e Z1215 .M877 1774
|h Library of Congress classification
|
| 998 |
f |
f |
|a Z1215 .M877 1774
|t 0
|l Available Online
|